000 00448nam a2200169 i 4500
001 bg
245 0 _aElektrodynamika /
_cK. Adamiak [et al.].
260 _aSzczecin,
_c1975.
490 1 _aPrace Naukowe Politechniki SzczeciƄskiej ;
_vnr 31
700 1 _aAdamiak, K.
830 _aPrace Naukowe Politechniki SzczeciƄskiej ;
040 _cBPK
041 _apol
080 _a537.8
942 _cKS
008 s pl f |000 0 pol
999 _c16512
_d16512
856 _uhttp://koha.tu.koszalin.pl/cgi-bin/koha/opac-detail.pl?biblionumber=16512
_yKatalog online BPK